00534nam a2200169Ia 4500001000900000003000500009005001700014008004100031010001100072040001700083100003100100245010300131260005000234300001000284500004000294650003000334dia_4010CHAP20251014162312.0220117s1997 xx 000 0 und d a174630 amxchpuaerda aSagarnaga Villegas, Myriam aEl impacto del TLC sobre el sistema agroindustrial porcino mexicano /c Myriam Sagarnaga Villegas aChapingo, México :b UACh, CIESTAAM,c1997 a21 p. aD. (Reporte de investigación, 32) aCarnexComercialización